Welcome to the Holygrace Academy Library

Please use search bar below to get started

NANCY DREW (Record no. 3420)

MARC details
000 -LEADER
fixed length control field 00315nam a22001337a 4500
020 ## - INTERNATIONAL STANDARD BOOK NUMBER
ISBN 0-00-692812-9
082 ## - DEWEY DECIMAL CLASSIFICATION NUMBER
Classification number 823
Item number KEE/M
100 ## - MAIN ENTRY--AUTHOR NAME
Personal name KEENE, CAROLYN
245 ## - TITLE STATEMENT
Title NANCY DREW
Remainder of title MYSTERY OF THE GLOWING EYE
260 ## - PUBLICATION, DISTRIBUTION, ETC. (IMPRINT)
Place of publication LONDON
Name of publisher ARMADA
Year of publication 1992
300 ## - PHYSICAL DESCRIPTION
Number of Pages 154
650 ## - SUBJECT ADDED ENTRY--TOPICAL TERM
Topical Term STORY BOOK
Geographic subdivision UNITED KINGDOM
942 ## - ADDED ENTRY ELEMENTS (KOHA)
Koha item type Books
Holdings
Withdrawn status Lost status Collection code Home library Current library Shelving location Date acquired Source of acquisition Full call number Accession Number Koha item type
    Fiction Main Library Main Library SHELF-14G- ALPHABETICAL J,K,L --ENGLISH NOVELS & FICTIONS 19/06/2023 purchase 823 KEE/M 12787 Books